Central Library OPAC University of Rajshahi

বিবর্তন তত্ত্ব : (Record no. 38749)

MARC details
000 -LEADER
fixed length control field 01498nam a22002777a 4500
001 - CONTROL NUMBER
control field 38749
003 - CONTROL NUMBER IDENTIFIER
rucl marc code BD-RjUL
005 - DATE AND TIME OF LATEST TRANSACTION
control field 20211209052843.0
008 - FIXED-LENGTH DATA ELEMENTS--GENERAL INFORMATION
fixed length control field 160217s2000 bg ||||| |||| 00| 0 ben d
020 ## - INTERNATIONAL STANDARD BOOK NUMBER
International Standard Book Number 9843109214
035 ## - SYSTEM CONTROL NUMBER
System control number (BD-RjUL)38858
040 ## - CATALOGING SOURCE
Original cataloging agency BD-RjUL
Language of cataloging eng
Transcribing agency BD-RjUL
041 ## - LANGUAGE CODE
Language code of text/sound track or separate title ben
082 ## - DEWEY DECIMAL CLASSIFICATION NUMBER
Classification number 297.242
Author mark and year MAT 2000
100 ## - MAIN ENTRY--PERSONAL NAME
Personal name মাবুদ, শেখ আব্দুল
9 (RLIN) 119527
245 ## - TITLE STATEMENT
Title বিবর্তন তত্ত্ব :
Remainder of title ইসলামী দৃ্ষ্টিকোণ হতে মূল্যায়ন /
Statement of responsibility, etc. শেখ আব্দুল মাবুদ ; ভাষান্তর শাহ মুহাম্মদ হাবীবুর রহমান ; সম্পাদনা এ. কে. এম.আজহারুল ইসলাম
260 ## - PUBLICATION, DISTRIBUTION, ETC. (IMPRINT)
Place of publication, distribution, etc. রাজশাহী :
Name of publisher, distributor, etc. তন্বী পাবলিকেশন্স,
Date of publication, distribution, etc. ২০০০.
300 ## - PHYSICAL DESCRIPTION
Pagination xxiv, ১১৩ পৃ. ;
Illustrations ২২ সিমি.
650 ## - SUBJECT ADDED ENTRY--TOPICAL TERM
Topical term or geographic name as entry element সৃষ্টি (প্রাণের উৎপত্তি )
9 (RLIN) 119528
Topical term or geographic name as entry element বিবর্তন ( জীববিদ্যা )
General subdivision ইসলামী দৃ্ষ্টিকোণ
9 (RLIN) 119529
Topical term or geographic name as entry element Creation (origin of life)
9 (RLIN) 119530
Topical term or geographic name as entry element Evolution (biology)
General subdivision religious aspects-islam.
9 (RLIN) 119531
700 ## - ADDED ENTRY--PERSONAL NAME
Personal name রহমান, শাহ মুহাম্মদ হাবীবুর
Personal name ইসলাম, এ. কে. এম.আজহারুল
942 ## - ADDED ENTRY ELEMENTS (KOHA)
Source of classification or shelving scheme Dewey Decimal Classification
Koha item type Books
Holdings
Lost status Source of classification or shelving scheme Damaged status Not for loan Collection code Permanent Location Current Location Shelving location Date acquired Source of acquisition Cost, normal purchase price Total Checkouts Full call number Date last seen Copy number Koha item type Date checked out
  Dewey Decimal Classification   Not For Loan Non-fiction Central Library, University of Rajshahi Central Library, University of Rajshahi Reading Room 05/10/2000 রাজশাহী, তন্বী পাবলিকেশন্স 60.00   B 297.242 MAB 2000 17/02/2016 C-1 Books  
  Dewey Decimal Classification     Non-fiction Central Library, University of Rajshahi Central Library, University of Rajshahi   05/10/2000 রাজশাহী, তন্বী পাবলিকেশন্স 60.00   B 297.242 MAB 2000 17/02/2016 C-2 Books  
  Dewey Decimal Classification     Non-fiction Central Library, University of Rajshahi Central Library, University of Rajshahi   05/10/2000 রাজশাহী, তন্বী পাবলিকেশন্স 60.00   B 297.242 MAB 2000 17/02/2016 C-3 Books  
  Dewey Decimal Classification     Non-fiction Central Library, University of Rajshahi Central Library, University of Rajshahi   05/10/2000 রাজশাহী, তন্বী পাবলিকেশন্স 60.00   B 297.242 MAB 2000 17/02/2016 C-4 Books  
  Dewey Decimal Classification     Non-fiction Central Library, University of Rajshahi Central Library, University of Rajshahi   05/10/2000 রাজশাহী, তন্বী পাবলিকেশন্স 60.00   B 297.242 MAB 2000 17/02/2016 C-5 Books  
  Dewey Decimal Classification     Non-fiction Central Library, University of Rajshahi Central Library, University of Rajshahi   05/10/2000 রাজশাহী, তন্বী পাবলিকেশন্স 60.00   B 297.242 MAB 2000 17/02/2016 C-6 Books  
  Dewey Decimal Classification     Non-fiction Central Library, University of Rajshahi Central Library, University of Rajshahi   05/10/2000 রাজশাহী, তন্বী পাবলিকেশন্স 60.00   B 297.242 MAB 2000 17/02/2016 C-7 Books  
  Dewey Decimal Classification     Non-fiction Central Library, University of Rajshahi Central Library, University of Rajshahi   05/10/2000 রাজশাহী, তন্বী পাবলিকেশন্স 60.00   B 297.242 MAB 2000 17/02/2016 C-8 Books  
  Dewey Decimal Classification     Non-fiction Central Library, University of Rajshahi Central Library, University of Rajshahi   05/10/2000 রাজশাহী, তন্বী পাবলিকেশন্স 60.00 1 B 297.242 MAB 2000 28/02/2016 C-9 Books 20/02/2016
  Dewey Decimal Classification     Non-fiction Central Library, University of Rajshahi Central Library, University of Rajshahi   05/10/2000 Tonni, Publications, Rajshahi. 60.00   B 297.242 MAB 2000 26/12/2016 C-10 Books